[Event "EU-ch Rapid"]
[Site "Skopje"]
[Date "2024.12.08"]
[Round "8"]
[White "Wyss, Jonas"]
[Black "Ghimpu, Samuel Timotei"]
[Result "1/2-1/2"]
[WhiteElo "2270"]
[BlackElo "2475"]
[PlyCount "91"]
[EventDate "2024.12.07"]
[EventType "swiss (rapid)"]
[EventRounds "11"]
[EventCountry "MKD"]
[SourceTitle "CB50_2024"]
[SourceDate "2024.11.01"]
[SourceVersion "1"]
[SourceVersionDate "2024.11.01"]
[SourceQuality "2"]

1. e4 c5 2. Nf3 e6 3. d4 cxd4 4. Nxd4 Nf6 5. Nc3 Nc6 6. Ndb5 Bc5 7. Bf4 0-0 8. Bc7 Qe7 9. Bd6 Bxd6 10. Qxd6 Qd8 11. Qc7 d5 12. exd5 exd5 13. Qxd8 Rxd8 14. 0-0-0 d4 15. Ne2 Ne4 16. Rg1 Nxf2 17. Rd2 Ne4 18. Rd1 Bg4 19. Nbxd4 Nf2 20. Rd2 Ne4 21. Rd1 Nf2 22. Rd2 Bxe2 23. Nxc6 Rxd2 24. Kxd2 Bxf1 25. Rxf1 Ng4 26. h3 Nf6 27. Nd4 Rd8 28. c3 Ne4+ 29. Kd3 Nd6 30. Re1 Kf8 31. Re5 g6 32. Rd5 Ke7 33. c4 Rc8 34. c5 Ne8 35. b4 a6 36. a4 Nf6 37. Rd6 Nd7 38. Kc4 a5 39. Kb5 axb4 40. Rd5 Nb8 41. Kxb4 Na6+ 42. Kc4 Nc7 43. Rd6 Na6 44. Rd5 Nc7 45. Rd6 Na6 46. Rd5 1/2-1/2

[Event "EU-ch Rapid"]
[Site "Skopje"]
[Date "2024.12.07"]
[Round "6"]
[White "Bernadskiy, Vitaliy"]
[Black "Ghimpu, Samuel Timotei"]
[Result "1/2-1/2"]
[WhiteElo "2546"]
[BlackElo "2475"]
[PlyCount "130"]
[EventDate "2024.12.07"]
[EventType "swiss (rapid)"]
[EventRounds "11"]
[EventCountry "MKD"]
[SourceTitle "CB50_2024"]
[SourceDate "2024.11.01"]
[SourceVersion "1"]
[SourceVersionDate "2024.11.01"]
[SourceQuality "2"]

1. d4 Nf6 2. Nf3 d5 3. Bf4 Bf5 4. e3 e6 5. Bd3 Bxd3 6. Qxd3 Nbd7 7. Nbd2 Bd6 8. 0-0 Bxf4 9. exf4 0-0 10. Rfe1 g6 11. Ne5 c5 12. dxc5 Nxc5 13. Qd4 Rc8 14. Re2 Qb6 15. Ndf3 Ncd7 16. Qxb6 Nxb6 17. a4 Nc4 18. c3 a5 19. Nd4 Ne4 20. f3 Nc5 21. h4 Rfe8 22. b3 Nd6 23. b4 Na6 24. bxa5 Red8 25. Rb1 Nc5 26. Nb5 Nc4 27. Nxc4 dxc4 28. Na3 Nb3 29. Nxc4 Nc1 30. Rxc1 Rxc4 31. Re4 Rc5 32. Rb1 Rd7 33. Reb4 Rxa5 34. Rxb7 Rxb7 35. Rxb7 Rxa4 36. Rb4 Ra1+ 37. Kf2 Ra2+ 38. Kg3 Rc2 39. Rc4 h5 40. Rc7 Kg7 41. Kh3 Rf2 42. c4 Rc2 43. g4 Rc3 44. gxh5 gxh5 45. Kg3 Rc2 46. f5 e5 47. Rc6 f6 48. Rc7+ Kg8 49. c5 Kf8 50. c6 Kg8 51. Rc8+ Kf7 52. Kh3 Kg7 53. c7 Kh7 54. Rf8 Rxc7 55. Rxf6 Rc4 56. Rg6 Rf4 57. Rg5 Rxf3+ 58. Kg2 Rf4 59. Rxh5+ Kg7 60. Kg3 Kf6 61. Rh8 Kxf5 62. Rf8+ Kg6 63. Rxf4 exf4+ 64. Kxf4 Kh5 65. Kf5 Kxh4 1/2-1/2

[Event "EU-ch Rapid"]
[Site "Skopje"]
[Date "2024.12.07"]
[Round "4"]
[White "Dardha, Daniel"]
[Black "Ghimpu, Samuel Timotei"]
[Result "1/2-1/2"]
[WhiteElo "2639"]
[BlackElo "2475"]
[PlyCount "80"]
[EventDate "2024.12.07"]
[EventType "swiss (rapid)"]
[EventRounds "11"]
[EventCountry "MKD"]
[SourceTitle "CB50_2024"]
[SourceDate "2024.11.01"]
[SourceVersion "1"]
[SourceVersionDate "2024.11.01"]
[SourceQuality "2"]

1. d4 Nf6 2. c4 e6 3. Nc3 d5 4. cxd5 Nxd5 5. e4 Nxc3 6. bxc3 c5 7. a3 Be7 8. Bd3 cxd4 9. cxd4 b6 10. Nf3 0-0 11. Qe2 a5 12. 0-0 Ba6 13. Bxa6 Nxa6 14. Be3 Nb8 15. d5 exd5 16. Rfd1 Nd7 17. exd5 Bc5 18. Bxc5 Nxc5 19. d6 Re8 20. Qb5 Re6 21. Qc6 Rc8 22. Qd5 h6 23. Ne5 Qg5 24. Nc4 Qxd5 25. Rxd5 Nd7 26. Rd4 g6 27. Rb1 Rc6 28. g3 Kf8 29. Kg2 h5 30. h3 Re2 31. Ne3 Ra2 32. Rb3 Kg7 33. Nc4 Rc2 34. Nd2 R6c3 35. Rxc3 Rxc3 36. Ne4 Rxa3 37. Rc4 Rd3 38. Rc7 Nc5 39. Nxc5 bxc5 40. Rxc5 Rxd6 1/2-1/2

[Event "EU-ch Rapid"]
[Site "Skopje"]
[Date "2024.12.07"]
[Round "5"]
[White "Ghimpu, Samuel Timotei"]
[Black "Galuszka, Tomasz"]
[Result "1-0"]
[WhiteElo "2475"]
[BlackElo "2174"]
[PlyCount "91"]
[EventDate "2024.12.07"]
[EventType "swiss (rapid)"]
[EventRounds "11"]
[EventCountry "MKD"]
[SourceTitle "CB50_2024"]
[SourceDate "2024.11.01"]
[SourceVersion "1"]
[SourceVersionDate "2024.11.01"]
[SourceQuality "2"]

1. e4 c6 2. d4 d5 3. e5 Bf5 4. Nf3 e6 5. Be2 Nd7 6. 0-0 Ne7 7. c3 h6 8. Na3 Qc7 9. Nc2 g5 10. b4 Bg7 11. a4 Nf8 12. Re1 Nfg6 13. Ne3 g4 14. Nd2 h5 15. b5 Nf4 16. Bf1 Bd3 17. bxc6 Qxc6 18. Qb3 Bxf1 19. Ndxf1 Nd3 20. Rd1 Nxc1 21. Raxc1 Bh6 22. c4 dxc4 23. Rxc4 Qd7 24. Ng3 Kf8 25. Ne4 Bxe3 26. fxe3 Nd5 27. Rf1 Rh7 28. Nd6 Kg8 29. e4 Nb6 30. Rb4 Rb8 31. a5 Nc8 32. Nxb7 Ne7 33. Nd6 Rxb4 34. Qxb4 Nc6 35. Qc5 g3 36. h3 Rg7 37. Rb1 Nd8 38. Rc1 Kh7 39. d5 Qa4 40. Qxa7 f6 41. Qb6 fxe5 42. Qxd8 exd5 43. Nf5 Qxe4 44. Rf1 Rb7 45. Qg5 Qe2 46. Ne7 1-0